000 00590nam a22002297a 4500
003 UA-OsUOA
001 95457
007 ta
008 20130228b un ||||| |||| 00| 0 ukr d
100 _aКованов П.
090 _a82-94
_bК56
942 _cBK
040 _aUA-OsUOA
_brus
_cUA-OsUOA
_dUA-OsUOA
245 _aИ слово - оружие
300 _a368 с.
955 _a3
041 _arus
080 _a82-94
260 _aМ.
_bСоветская Россия
_c1982
650 7 _a82 Література. Літературознавство
_2UDC
999 _c381707
_d381707